Diagnosing the mechanical state of the collector-brush unit of the high-speed electric machine at resource tests; Bulletin of the Tomsk Polytechnic University; Vol. 311, № 4 : Power engineering

Detalles Bibliográficos
Parent link:Bulletin of the Tomsk Polytechnic University/ Tomsk Polytechnic University (TPU).— , 2006-2007
Vol. 311, № 4 : Power engineering.— 2007.— [P. 112-116]
Autor Principal: Kachin O. S. Oleg Sergeevich
Summary:Заглавие с титульного листа
Электронная версия печатной публикации
The questions on defining the mechanical state of collector-brush units in dynamic modes applying the techniques of result processing obtained with use of contactless profilometer developed in TPU have been considered. The results of experimental researches of the collector-brush unit mechanical state of the electric motor with alternating current during the process of resource operating time are introduced. The experimental data are analyzed. Recommendations on improvement of current collection conditions in sliding contact and increasing of brush resource are developed
Idioma:inglés
Publicado: 2007
Series:Power engineering
Subjects:
Acceso en liña:http://www.lib.tpu.ru/fulltext/v/Bulletin_TPU/2007/v311eng/i4/26.pdf
Formato: Electrónico Capítulo de libro
KOHA link:https://koha.lib.tpu.ru/cgi-bin/koha/opac-detail.pl?biblionumber=194396

MARC

LEADER 00000nla2a2200000 4500
001 194396
005 20240115114008.0
035 |a (RuTPU)RU\TPU\book\212018 
035 |a RU\TPU\book\212016 
090 |a 194396 
100 |a 20110414d2007 k y0rusy50 ca 
101 1 |a eng  |c rus 
102 |a RU 
135 |a drnn ---uucaa 
200 1 |a Diagnosing the mechanical state of the collector-brush unit of the high-speed electric machine at resource tests  |f O. S. Kachin 
203 |a Text  |c electronic 
215 |a 1 файл (1 Мб) 
225 1 |a Power engineering 
300 |a Заглавие с титульного листа 
300 |a Электронная версия печатной публикации 
320 |a [Bibliography: p. 116 (10 titles)] 
330 |a The questions on defining the mechanical state of collector-brush units in dynamic modes applying the techniques of result processing obtained with use of contactless profilometer developed in TPU have been considered. The results of experimental researches of the collector-brush unit mechanical state of the electric motor with alternating current during the process of resource operating time are introduced. The experimental data are analyzed. Recommendations on improvement of current collection conditions in sliding contact and increasing of brush resource are developed 
337 |a Adobe Reader 
461 1 |0 (RuTPU)RU\TPU\book\169973  |t Bulletin of the Tomsk Polytechnic University  |f Tomsk Polytechnic University (TPU)  |d 2006-2007 
463 1 |0 (RuTPU)RU\TPU\book\200683  |t Vol. 311, № 4 : Power engineering  |v [P. 112-116]  |d 2007  |p 146 p. 
610 1 |a diagnosing 
610 1 |a mechanical states 
610 1 |a collector-brush units 
610 1 |a electric machines 
610 1 |a resource tests 
610 1 |a dynamic modes 
610 1 |a processing technique 
610 1 |a contactless profilometers 
610 1 |a experimental researches 
610 1 |a recommendations 
610 1 |a current collection 
610 1 |a sliding contacts 
610 1 |a brushes 
610 1 |a труды учёных ТПУ 
610 1 |a электронный ресурс 
675 |a 621.313.36  |v 3 
700 1 |a Kachin  |b O. S.  |c specialist in the field of electrical engineering  |c Associate Professor of Tomsk Polytechnic University, Candidate of technical sciences  |f 1982-  |g Oleg Sergeevich  |3 (RuTPU)RU\TPU\pers\45698  |9 21965 
801 1 |a RU  |b 63413507  |c 20090623  |g PSBO 
801 2 |a RU  |b 63413507  |c 20191224  |g PSBO 
856 4 |u http://www.lib.tpu.ru/fulltext/v/Bulletin_TPU/2007/v311eng/i4/26.pdf 
942 |c CF